000 01149nam a2200277Ia 4500
003 OSt
005 20220923211145.0
006 a|||||r|||| 00| 0
007 ta
008 220922b |||||||| |||| 00| 0 hin d
020 _a8186684778 (hbk)
_c1650
024 _a259,909
037 _b311, 30/06/2011, Vani Prakashan
_cTextual
040 _aARTS
_cARTS
_bhin
041 _2hin
_ahin
082 _aYv2, 152P1
100 _aसरकार, सुमित; 'शाहिद' खां, एन. ए., अनु.
_9158851
245 0 _aसामाजिक इतिहास लेखन की चुनौती
246 _aSāmājik itihās lekhan kī chunautī
260 _aदिल्ली
_b ग्रंथ शिल्पी
_c2010
300 _a421पृ.
_ccm.
490 _aभारतीय इतिहास के गौरव ग्रंथ
650 _aभारतीय-लोक साहित्य
_9158852
942 _hYv2, 152P1
_cTEXL
_2CC
999 _c296061
_d296061